Duden. Band 12 : Zitate und Assprüche
Saved in:
| Format: | Book |
|---|---|
| Language: | German |
| Published: |
Mannheim :
Dudenverlag,
1993
|
| Edition: | 1.vyd. |
| Tags: |
No Tags, Be the first to tag this record!
|
MARC
| LEADER | 00000nam a22000003a 4500 | ||
|---|---|---|---|
| 001 | stu6585 | ||
| 005 | 20150408182007.1 | ||
| 008 | 940923s1993----gw------------------ger-d | ||
| 020 | |a 3-411-04121-8 | ||
| 040 | |a STU |b slo | ||
| 041 | 0 | |a ger | |
| 044 | |a gw | ||
| 080 | |a 803.0-3(038) | ||
| 245 | |a Duden. Band 12 : |b Zitate und Assprüche | ||
| 250 | |a 1.vyd. | ||
| 260 | |a Mannheim : |b Dudenverlag, |c 1993 | ||
| 300 | |a 827 s | ||
| 996 | |b E79181 |c E*79181 |l EE18 |s P |a 0 |w stu6585_0001 | ||